00563nam a2200085Ia 4500008004100000245005000041300027400091650002800365856008400393170517s9999 xx 000 0 und d aMeltUp: The Beginning of a US Currency Crisis aThe documentary proves through facts and statistics how hyperinflation in the U.S. is now inevitable and how Americans could soon see the end of entitlement programs they have become dependent on to live and survive. Meltup features Gerald Celente, Peter Schiff, Ron... xBusiness and Economics. uhttp://topdocumentaryfilms.com/meltup-beginning-currency-crisis-hyperinflation/